000 00354 a2200133 4500
082 _a355.0095491
090 _c3394
_d3394
100 _aShaukat Riza
245 _aThe Pakistan Army 1966-71
_cShaukat Riza
260 _aLahore:
_bServices Book Club,
_c1990.
300 _a240 p. :
_bill. ;
_c 24 cm.
500 _aIncludes Index
942 _cBK
_k355.0095491 SHA
999 _c7305
_d7305